书目信息 |
| 题名: |
列宁教育文集
|
|
| 作者: | ;华东师范大学《列宁教育文集》编辑组 编 | |
| 分册: | 下卷 | |
| 出版信息: | 北京 人民教育出版社 1986 |
|
| 页数: | 542页 | |
| 开本: | 21cm | |
| 丛书名: | ||
| 单 册: | ||
| 中图分类: | A267 | |
| 科图分类: | ||
| 主题词: | 教育理论-列宁著作 , 列宁著作-教育理论 | |
| 电子资源: | ||
| ISBN: | 7-107-10231-1 | |
| 000 | 00812nam0 2200229 45 | |
| 001 | 0184010178 | |
| 005 | 20051231164638.15 | |
| 010 | @a7-107-10231-1@b精装@dCNY3.50 | |
| 100 | @a19950320f1986 mk y0chiy0121 ea | |
| 101 | 0 | @achi |
| 102 | @aCN@b110000 | |
| 105 | @ay z 000yy | |
| 200 | 10 | @a列宁教育文集@Alie ning jiao yu wen ji@h下卷@f华东师范大学《列宁教育文集》编辑组编@Fhua dong shi fan da xue《lie ning jiao yu wen ji》bian ji zu bian |
| 210 | @a北京@c人民教育出版社@d1986 | |
| 215 | @a542页@d21cm | |
| 606 | @a教育理论-列宁著作 | |
| 606 | @a列宁著作-教育理论 | |
| 690 | @aA267@v3 | |
| 711 | 0 | @a华东师范大学《列宁教育文集》编辑组@Ahua dong shi fan da xue《lie ning jiao yu wen ji》bian ji zu@4编 |
| 801 | 2 | @aCN@bNLC@c20051231 |
| 801 | 0 | @aCN@b上海图书馆@c20040420 |
| 905 | @dA267@e28:2@f1@b215513 | |
| 列宁教育文集.下卷/华东师范大学《列宁教育文集》编辑组编.-北京:人民教育出版社,1986 |
| 542页;21cm |
| ISBN 7-107-10231-1(精装):CNY3.50 |
| ● |
| 相关链接 |
|
|
|
|
正题名:列宁教育文集
索取号:A267/28:2
 
预约/预借
| 序号 | 登录号 | 条形码 | 馆藏地/架位号 | 状态 | 备注 |
| 1 | 0215512 | 202184288 | 密集书库/ [索取号:A267/28:2] | 在馆 | |
| 2 | 0215513 | 000950108 | 第一样本阅览室/ [索取号:A267/28:2] | 在馆 |